000 00433nam a2200169Ia 4500
008 230917s9999||||xx |||||||||||||| ||und||
020 _cRS1895
040 _e243688
_aMAIN
041 _aEnglish
082 _a581.16 V962P
100 _aVries, Hugo De
245 0 _aPlant breeding
260 _aNew Delhi
_bAgri-Biovet Press
_c2017
300 _a292 p.
500 _a2950 04/12/2017 IBS17/211 04/12/2017 Main Budget
942 _cBK
999 _c24802
_d24802